Out of the shadows (Record no. 82234)

MARC details
000 -LEADER
fixed length control field 00783cab a22001935a 4500
001 - CONTROL NUMBER
control field L149627
008 - FIXED-LENGTH DATA ELEMENTS--GENERAL INFORMATION
fixed length control field 100329e20100320xxk 000 0 eng d
035 ## - SYSTEM CONTROL NUMBER
System control number (Sirsi) u149627
041 0# - LANGUAGE CODE
Language code of text/sound track or separate title eng
100 1# - MAIN ENTRY--PERSONAL NAME
Personal name Moxey, Kate
245 00 - TITLE STATEMENT
Title Out of the shadows
260 ## - PUBLICATION, DISTRIBUTION, ETC.
Date of publication, distribution, etc. 2010
490 ## - SERIES STATEMENT
Series statement Estates Gazette
Volume/sequential designation (1011) 20 March 2010, 112-114(3)
520 ## - SUMMARY, ETC.
Summary, etc. Valuation of development sites on behalf of housing associations. Definition and implication of market value versus calculation of worth. Takes a subjective view of residual appraisal for valuation of affordable housing sites. Explains the background to the appraisal process
590 ## - LOCAL NOTE (RLIN)
Local note KA
651 48 - SUBJECT ADDED ENTRY--GEOGRAPHIC NAME
Geographic name United Kingdom
Chronological subdivision
690 ## - LOCAL SUBJECT ADDED ENTRY--TOPICAL TERM (OCLC, RLIN)
Topical term or geographic name as entry element PROPERTY-RESIDENTIAL PROPERTY-RESIDENTIAL PROPERTY APPRAISAL AND VALUATION
942 ## - ADDED ENTRY ELEMENTS (KOHA)
Suppress in OPAC 0
Holdings
Withdrawn status Lost status Source of classification or shelving scheme Damaged status Not for loan Home library Current library Shelving location Date acquired Total Checkouts Full call number Barcode Date last seen Copy number Price effective from Koha item type
    Dewey Decimal Classification     London London Journal article 29/03/2010   L149627 149627-1001 06/08/2019 1 06/08/2019 Journal article